Géopolitique des médias : Acteurs, rivalités et conflits (notice n° 2198521)

détails MARC
000 -LEADER
fixed length control field 01589cam a2200133 4500500
005 - DATE AND TIME OF LATEST TRANSACTION
control field 20260405085546.0
041 ## - LANGUAGE CODE
Language code of text/sound track or separate title fre
042 ## - AUTHENTICATION CODE
Authentication code dc
100 10 - MAIN ENTRY--PERSONAL NAME
Personal name Boulanger, Philippe
Relator term author
245 00 - TITLE STATEMENT
Title Géopolitique des médias : Acteurs, rivalités et conflits
260 ## - PUBLICATION, DISTRIBUTION, ETC.
Name of publisher, distributor, etc. Armand Colin,<br/>
Date of publication, distribution, etc. 2014.<br/>
520 ## - SUMMARY, ETC.
Summary, etc. « Révolution Facebook » dans les pays arabes, émergence de grands groupes industriels du Global media, traitement médiatique permanent des crises et des conflits… les médias sont devenus incontournables pour comprendre les mutations et les évolutions contemporaines. Outils d’intelligence collective et collaborative, mais aussi de contrôle, d’influence et de domination, les médias ont acquis une véritable dimension « géopolitique » que vient explorer cet ouvrage novateur. Après avoir présenté les concepts, la méthodologie et les réflexions actuelles sur la géopolitique des médias, la première partie met en évidence l’impact de leur globalisation sur la recomposition des interdépendances entre sociétés. Ensuite sont abordés les rapports entre mondialisation, rivalités de pouvoir et médias, qui révèlent à la fois la prédominance américaine et les utilisations mises en oeuvre par les pays émergents. Enfin est traitée la place des médias dans les relations internationales et les conflits, depuis leur exploitation dans le champ d’action militaire au XIXe siècle, aux nouvelles rivalités du cyberespace.
856 41 - ELECTRONIC LOCATION AND ACCESS
Uniform Resource Identifier <a href="https://shs.cairn.info/geopolitique-des-medias--9782200284992?lang=fr&redirect-ssocas=7080">https://shs.cairn.info/geopolitique-des-medias--9782200284992?lang=fr&redirect-ssocas=7080</a>

Pas d'exemplaire disponible.

PLUDOC

PLUDOC est la plateforme unique et centralisée de gestion des bibliothèques physiques et numériques de Guinée administré par le CEDUST. Elle est la plus grande base de données de ressources documentaires pour les Étudiants, Enseignants chercheurs et Chercheurs de Guinée.

Adresse

627 919 101/664 919 101

25 boulevard du commerce
Kaloum, Conakry, Guinée

Réseaux sociaux

Powered by Netsen Group @ 2025